A novel ATP-binding cassette transporter involved in multidrug resistance in the phytopathogenic fungus penicillium digitatum /

সংরক্ষণ করুন:
গ্রন্থ-পঞ্জীর বিবরন
অন্যান্য লেখক: Adachi, Kiichi., Akutsu, Katsumi., Hibi, Tadaaki., Nakaune, Ryoji., Nawata, Osamu., Tomiyama, Masamitsu.
বিন্যাস: প্রবন্ধ
ভাষা:English
বিষয়গুলি:
ট্যাগগুলো: ট্যাগ যুক্ত করুন
কোনো ট্যাগ নেই, প্রথমজন হিসাবে ট্যাগ করুন!
Thư viện lưu trữ: Thư viện Trường Đại học Đà Lạt
LEADER 01138nam a2200373 4500
001 DLU090091773
005 ##20091201
040 # # |a DLU  |b eng 
041 # # |a eng 
044 # # |a us 
245 # # |a A novel ATP-binding cassette transporter involved in multidrug resistance in the phytopathogenic fungus penicillium digitatum /  |c Ryoji Nakaune ... [et al.]. 
653 # # |a Carrier protein 
653 # # |a Demethylation 
653 # # |a Fungicides 
653 # # |a Homology 
653 # # |a Mutation 
653 # # |a Penicillium digitatum 
653 # # |a Plant pathogen 
700 # # |a Adachi, Kiichi. 
700 # # |a Akutsu, Katsumi. 
700 # # |a Hibi, Tadaaki.  
700 # # |a Nakaune, Ryoji. 
700 # # |a Nawata, Osamu. 
700 # # |a Tomiyama, Masamitsu. 
773 # # |t Applied and Environmental Microbiology  |g Vol. 64, no. 10 (October 1998), p. 3983-3988 
920 # # |a Phòng Tạp chí -- Trung tâm Thông tin - Thư viện Trường Đại học Đà Lạt 
994 # # |a DLU 
900 # # |a True 
911 # # |a Trương Bảo Trâm Anh 
925 # # |a G 
926 # # |a A 
927 # # |a BB 
980 # # |a Thư viện Trường Đại học Đà Lạt